00438nam a2200181 a 4500001001300000003000900013005001700022008004100039020000900080082001300089100001200102245004400114260002500158300000900183500003500192505001000227650001900237nice12345678IN_TiNIC20260116012314.0050524s1986 dela grp 000 0 eng  ac3000a295bNAN aNancy,  aSugar in the Milkb the Parsis in India aDelhi bISPCK c1986 a149p aincludes index and biblioraphy2 aIndex aZoroastrianism